| 000 | 01438cad a22002535a 4500 | ||
|---|---|---|---|
| 001 | E148304 | ||
| 008 | 090901s2009 xxk f f000 0 eng d | ||
| 020 | _a9781906581909 | ||
| 035 | _a(Sirsi) u148304 | ||
| 041 | 0 | _aeng | |
| 050 | 0 | 4 | _a711.7 $2 18 |
| 110 | 2 |
_aUnited Kingdom _bDepartment for Transport _94866 |
|
| 245 | 0 | 0 |
_aGood practice guidelines _bdelivering travel plans through the planning process _h[electronic resource] |
| 260 |
_aLondon _bDFT _c2009 |
||
| 505 | 2 | _aIntroduction -- An overview of process and delivery -- The policy framework, strategic and local -- The process of requiring a travel plan -- Travel plan design and content -- Evaluating incoming travel plans -- Securing the travel plan -- Implementation and management -- Monitoring, default mechanisms and enforcement -- Appendices | |
| 520 | _aHighlights best practice in the production of high-quality travel plans. The suggestions are intended as recommendations only, and do not form part of Government policy or law on travel plans. | ||
| 521 | _aAdvanced | ||
| 590 | _aKA NTK | ||
| 651 | 4 |
_aEngland and Wales _y1543- |
|
| 690 | _aPROPERTY-INFRASTRUCTURE-TRANSPORT INFRASTRUCTURE | ||
| 710 | 2 |
_aUnited Kingdom _bDepartment for Communities and Local Government _94939 |
|
| 856 | 4 | 0 |
_uhttps://www.dft.gov.uk/pgr/sustainable/travelplans/tpp/goodpracticeguidelines-main.pdf _zView the item (pdf file) free of charge at www.dft.gov.uk... |
| 942 | _n0 | ||
| 999 |
_c109999 _d109999 |
||